AI Generated Football/Soccer Badge Quiz - #2 - Statistics

General Stats
  • This quiz has been taken 18 times
    13 since last reset
  • The average score is 10 of 12
Answer Stats
Picture Answer % Correct
Arsenal
100%
Tottenham Hotspur
100%
Benfica
92%
Bologna
92%
Schalke
92%
Derby County
83%
Freiburg
83%
PSV
75%
Sampdoria
75%
Udinese
75%
Olympiakos
67%
Mallorca
42%
No matching quizzes found
Score Distribution
Percent of People with Each Score
Percentile by Number Answered
Your Score History
You have not taken this quiz since the last reset